00630nam a22001931a 450000500170000000800410001702000090005804000260006705000200009308200200011310000330013324500210016626000670018730000220025450001000027660000290037660000280040585200030043320110718133349.0091005s1989 cou 001 0 eng d c0.00 aNEGST Library - Kenya 4aBS 325.T55 19890 aBS 325.T55 19891 aInternational Bible Society.10aDewa Mvennswaeb. aColorado Springs, Colorado :bInternational Bible Soci,c1989. avi, 728 p. : ill. a"Le Nouveau Testament en tikar, Cameroun." - T.p. verso. Includes maps on end pages. [Africana]10aBible. N.T. Tikar. 1989.10aTikar language - Texts.